000 00554nam a2200181Ia 4500
005 20250508160050.0
008 008 250505s9999 xx 000 0 eng d
037 _aTextual
040 _aFEDL
_beng
_cFEDL
041 _aeng
_2eng
084 _a371.95, TRA
_qFEDL
100 _aTraxler Arthur E Ed.
_992669
245 0 _aSelection and guidance of gifted students for national survival
260 _aWashington, USA
_bAmerican Council on Education
_c1956
300 _a164p.
942 _cTEXL
_h371.95, TRA
999 _c1361478
_d1361478